00502nam a2200169Ia 4500003000500000008004100005020001800046040001900064082000700083100001200090245005700102246005700159260006400216300001000280546001200290700003000302STCL230729s9999 xx 000 0 und d a9780070265103 aSTCLcSTCLbEN 222 aFu, S K 0aRobotics: control, sensing, vision, and intelligence aRobotics: control, sensing, vision, and intelligence bTata McGraw Hill Education Private LimitedaNew Delhic2012 a580 p aEnglish aGonzalez, R C; Lee, C S G